000 01139nam2a22002291 4500
001 rc\4121645
005 20250611001419.0
035 _a(NLR Aleph) 007981316
090 _a8521733
_c8521733
100 _a20130415g19461947|||y0rusy50 ca
101 0 _arus
102 _aRU
105 _ay z |||||
200 1 _aПроверка диаграммы уровней и снятие амплитудной и частотной характеристик остаточного затухания канала тональной частоты
210 _d1946 [вып. дан.: 1947]
_aБ. м.
461 0 _1001rc\4121639
_12001#$aРабота № 5$fМИИС. Лаборатория дальней связи$v№ 10
_98521697
_aМосковский электротехнический институт связи. Лаборатория дальней связи
_cМосква
_d1946
_fМИИС. Лаборатория дальней связи
_nлит. МЭИ
_tРабота № 5
_v№ 10
700 1 _aЯкуб
_bЮ.А.
801 0 _aRU
_bNLR
_gpsbo
801 1 _aRU
_bELAR
_2rusmarc
852 _aNLR
_jТ94 Г-4/160
942 _cBOOK
980 _aNB